Tri "S" pre dane miestnych rozpočtov v SR Financovanie miestnych samospráv v Slovenskej republike je pociťované ako najproblematickejšia oblasť činnosti a fungovania obcí
Štruktúra príjmovej základne a jej nadväznosti od roku 1991. Podielové dane v celkových príjmoch MR v SR. Analýza príjmov miest a obcí za roky 1991-1997. Vývoj podielu obcí na centrálnych daniach. Rozdiely vo finančnej sile obcí za roky 1993-1996. Absencia troch základných princípov v systéme financ...
Na minha lista:
| Autor principal: | |
|---|---|
| Formato: | Capítulo de Livro |
| Idioma: | eslovaco |
| Assuntos: | |
| Tags: |
Sem tags, seja o primeiro a adicionar uma tag!
|
MARC
| LEADER | 00000naa a2200000 4500 | ||
|---|---|---|---|
| 001 | r033083 | ||
| 005 | 20230911131755.5 | ||
| 041 | 0 | |a slo | |
| 044 | |a SK | ||
| 245 | 1 | 0 | |a Tri "S" pre dane miestnych rozpočtov v SR |b Financovanie miestnych samospráv v Slovenskej republike je pociťované ako najproblematickejšia oblasť činnosti a fungovania obcí |c Elena Žárska |
| 520 | |a Štruktúra príjmovej základne a jej nadväznosti od roku 1991. Podielové dane v celkových príjmoch MR v SR. Analýza príjmov miest a obcí za roky 1991-1997. Vývoj podielu obcí na centrálnych daniach. Rozdiely vo finančnej sile obcí za roky 1993-1996. Absencia troch základných princípov v systéme financovania miestnych samospráv. Princíp stability, princíp stimulácie a princíp solidarity. | ||
| 610 | 2 | 0 | |a financovanie |
| 610 | 2 | 0 | |a samospráva |
| 610 | 2 | 0 | |a obce |
| 610 | 2 | 0 | |a príjmy |
| 610 | 2 | 0 | |a dane |
| 610 | 2 | 0 | |a zdroje finančné |
| 610 | 2 | 0 | |a výnosy |
| 610 | 2 | 0 | |a regióny |
| 610 | 2 | 0 | |a Slovensko |
| 100 | 1 | |a Žárska, Elena, 1955- | |